<?xml version="1.0" encoding="UTF-8"?>
<record
    xmlns:xsi="http://www.w3.org/2001/XMLSchema-instance"
    xsi:schemaLocation="http://www.loc.gov/MARC21/slim http://www.loc.gov/standards/marcxml/schema/MARC21slim.xsd"
    xmlns="http://www.loc.gov/MARC21/slim">

  <leader>00581nam a2200205Ia 4500</leader>
  <controlfield tag="005">20251121155642.0</controlfield>
  <controlfield tag="008">230125s9999    xx            000 0 und d</controlfield>
  <datafield tag="020" ind1=" " ind2=" ">
    <subfield code="a">9788184954968</subfield>
  </datafield>
  <datafield tag="041" ind1=" " ind2=" ">
    <subfield code="a">eng</subfield>
  </datafield>
  <datafield tag="082" ind1=" " ind2=" ">
    <subfield code="a">158.1</subfield>
    <subfield code="b">RIC</subfield>
  </datafield>
  <datafield tag="100" ind1=" " ind2=" ">
    <subfield code="a">Ricotti S</subfield>
    <subfield code="9">215346</subfield>
  </datafield>
  <datafield tag="245" ind1=" " ind2=" ">
    <subfield code="a">Step Into Your Greatness</subfield>
    <subfield code="b">Unsinkable: Powerfully Take Action Move Forward And Create A Life You Deserve!</subfield>
  </datafield>
  <datafield tag="250" ind1=" " ind2=" ">
    <subfield code="a">Ed.1st</subfield>
  </datafield>
  <datafield tag="260" ind1=" " ind2=" ">
    <subfield code="c">2014</subfield>
    <subfield code="b">Jaico Publishing House</subfield>
    <subfield code="a">Mumbai</subfield>
  </datafield>
  <datafield tag="300" ind1=" " ind2=" ">
    <subfield code="a">192p</subfield>
  </datafield>
  <datafield tag="500" ind1=" " ind2=" ">
    <subfield code="a">Personality Development</subfield>
  </datafield>
  <datafield tag="700" ind1=" " ind2=" ">
    <subfield code="a">Ricotti S</subfield>
    <subfield code="9">215346</subfield>
  </datafield>
  <datafield tag="906" ind1=" " ind2=" ">
    <subfield code="b">85.25</subfield>
  </datafield>
  <datafield tag="942" ind1=" " ind2=" ">
    <subfield code="c">BK</subfield>
  </datafield>
  <datafield tag="999" ind1=" " ind2=" ">
    <subfield code="c">94857</subfield>
    <subfield code="d">94857</subfield>
  </datafield>
  <datafield tag="952" ind1=" " ind2=" ">
    <subfield code="0">0</subfield>
    <subfield code="1">0</subfield>
    <subfield code="4">0</subfield>
    <subfield code="7">0</subfield>
    <subfield code="a">HIMR</subfield>
    <subfield code="b">HIMR</subfield>
    <subfield code="d">2017-03-20</subfield>
    <subfield code="e">Suyog Enterprises</subfield>
    <subfield code="g">275.00</subfield>
    <subfield code="i">SE/SI/3970</subfield>
    <subfield code="l">0</subfield>
    <subfield code="o">158.1 RIC B15747</subfield>
    <subfield code="p">HIMR-BK-15747</subfield>
    <subfield code="r">2023-01-25 00:00:00</subfield>
    <subfield code="v">189.75</subfield>
    <subfield code="w">2017-03-17</subfield>
    <subfield code="y">BK</subfield>
    <subfield code="z">B15747</subfield>
  </datafield>
</record>
